Dowry and protection to married women / (Record no. 126948)
[ view plain ]
| 000 -LEADER | |
|---|---|
| fixed length control field | 00732nam a22002417a 4500 |
| 005 - DATE AND TIME OF LATEST TRANSACTION | |
| control field | 20170124110017.0 |
| 010 ## - LIBRARY OF CONGRESS CONTROL NUMBER | |
| LC control number | A-412605 |
| 020 ## - INTERNATIONAL STANDARD BOOK NUMBER | |
| Terms of availability | 00.00 |
| International Standard Book Number | 8171002005 |
| 035 ## - SYSTEM CONTROL NUMBER | |
| System control number | A-412605 |
| 037 ## - SOURCE OF ACQUISITION | |
| Stock number | Cen Lib/Ret |
| 040 ## - CATALOGING SOURCE | |
| Original cataloging agency | DPL |
| Language of cataloging | EN |
| 082 ## - DEWEY DECIMAL CLASSIFICATION NUMBER | |
| Classification number | 346.016 |
| Item number | DIW |
| 100 ## - MAIN ENTRY--PERSONAL NAME | |
| Personal name | Diwan, Paras |
| 9 (RLIN) | 2410 |
| 245 ## - TITLE STATEMENT | |
| Title | Dowry and protection to married women / |
| Statement of responsibility, etc | by Paras Diwan |
| 250 ## - EDITION STATEMENT | |
| Edition statement | 2nd rev ed |
| 260 ## - PUBLICATION, DISTRIBUTION, ETC. (IMPRINT) | |
| Place of publication, distribution, etc | New Delhi |
| Name of publisher, distributor, etc | Deep & deep publications |
| Date of publication, distribution, etc | 1990 |
| 270 ## - ADDRESS | |
| Address | D-1/24, Rajouri garden |
| City | New Delhi |
| Postal code | 110027 |
| 300 ## - PHYSICAL DESCRIPTION | |
| Extent | viii,372p. |
| Dimensions | 22cm(Hb) |
| 500 ## - GENERAL NOTE | |
| General note | Includes index |
| 650 ## - SUBJECT ADDED ENTRY--TOPICAL TERM | |
| Topical term or geographic name as entry element | Married women--Legal status, laws, etc |
| 9 (RLIN) | 21902 |
| 650 ## - SUBJECT ADDED ENTRY--TOPICAL TERM | |
| Topical term or geographic name as entry element | Married women |
| 9 (RLIN) | 21903 |
| 942 ## - ADDED ENTRY ELEMENTS (KOHA) | |
| Source of classification or shelving scheme | Dewey Decimal Classification |
| Koha item type | English Books |
| Classification part | 346.016 |
| Call number suffix | DIW |
| Withdrawn status | Lost status | Damaged status | Not for loan | Collection code | Home library | Current library | Date acquired | Source of acquisition | Cost, normal purchase price | Total Checkouts | Full call number | Barcode | Date last seen | Copy number | Cost, replacement price | Price effective from | Koha item type |
|---|---|---|---|---|---|---|---|---|---|---|---|---|---|---|---|---|---|
| Not For Loan | Reference | Central Library | Central Library | 27/06/2015 | Cen Lib/Ret | 0.00 | 346.016 DIW | A-412605 | 27/06/2015 | 1 | 0.00 | 27/06/2015 | English Books |
